00745nam a2200181 a 450000500170000000800410001702000180005805000230007610000180009924500950011726000500021230000220026252001050028465000170038965000170040699900190042395201210044220140412111310.0010424s19uu xx 00 eng d a0-688-14026-2 aTR(PS EbCo73 1987 aKraus, Robert aCome out and play, little mouse /cby Robert Kraus; pictures by Jose Aruego& Ariane Dewey. aNew York :bA Mulberry Paperback Book,c1987. a1v. (unp.) ; ill. aLittle mouse is busy helping his family five days of the week but gets to play with them on weekends aMice-Fiction aDays-Fiction c103941d103941 001040aELbELcTRd2001-04-24eLib. Fundg155.00l0oTR(PS E Co73 1987pE6139r2014-04-12 00:00:00w2014-04-12yBK